|
|
|
|
| LEADER |
01160nam a22003014a 4500 |
| 001 |
33633 |
| 003 |
BD-DhAAL |
| 005 |
20211109102408.0 |
| 008 |
180801r20152009fluaa b 001 0 eng d |
| 999 |
|
|
|c 39430
|d 39430
|
| 010 |
|
|
|a 2008028154
|
| 020 |
|
|
|a 9781420061604 (alk. paper)
|
| 040 |
|
|
|a DLC
|c DLC
|d DLC
|d BD-DhAAL
|
| 050 |
0 |
0 |
|a QA76.9.A25
|b E43 2009
|
| 082 |
0 |
0 |
|a 005.8
|2 22
|
| 100 |
1 |
|
|a Elbirt, Adam J.
|9 27642
|
| 245 |
1 |
0 |
|a Understanding and applying cryptography and data security /
|c Adam J. Elbirt.
|
| 260 |
|
|
|a Boca Raton, Fl. :
|b CRC Press,
|c c2009 [reprinted 2015]
|
| 300 |
|
|
|a xxvii, 637 pages :
|b illustrations ;
|c 25 cm.
|
| 504 |
|
|
|a Includes bibliographical references (pages 595-628) and index.
|
| 526 |
|
|
|a CSE
|
| 541 |
|
|
|a Karim International
|e 33633
|
| 650 |
|
0 |
|a Computer security.
|9 27643
|
| 650 |
|
0 |
|a Cryptography.
|9 27644
|
| 650 |
|
0 |
|a Computer science.
|9 42460
|
| 852 |
|
|
|a Ayesha Abed Library
|c General Stacks
|
| 942 |
|
|
|2 ddc
|c BK
|
| 952 |
|
|
|0 0
|1 0
|2 ddc
|4 0
|6 005_800000000000000_ELB
|7 0
|9 64105
|a BRACUL
|b BRACUL
|c GEN
|d 2018-07-29
|e Karim International
|g 1870.60
|l 9
|m 48
|o 005.8 ELB
|p 3010033633
|r 2026-02-26
|s 2025-09-01
|t 1
|v 1870.60
|w 2018-07-29
|y BK
|